Normal view
MARC view
Entry Personal Name
001 - CONTROL NUMBER
- control field: 15489
003 - CONTROL NUMBER IDENTIFIER
- control field: OSt
005 - DATE AND TIME OF LATEST TRANSACTION
- control field: 20211206121858.0
008 - FIXED-LENGTH DATA ELEMENTS
- fixed length control field: 211206|| aca||aabn | a|a d
040 ## - CATALOGING SOURCE
- Original cataloging agency: OSt
- Transcribing agency: OSt
100 ## - HEADING--PERSONAL NAME
- Personal name: Libby, Robert; Patricia A. Libby; Frank ,Hodge
670 ## - SOURCE DATA FOUND
- Source citation: Work cat.: (OSt): Libby, Robert; Patricia A. Libby; Frank ,Hodge, Financial Accounting ., c2017
